000 00277nam a2200109Ia 4500
008 200302s9999 xx 000 0 und d
100 _aSteve Hardy
245 _aTime-Saver Details for Roof Design
260 _bTata Mcgraw-Hill Book Co. Ltd.
260 _c1998
300 _a360 P.,
999 _c1876
_d1876